000 00508nam a2200193Ia 4500
008 151121s9999||||xx |||||||||||||| ||und||
082 _a813/कदम
082 _bHNW-69833
100 _aकदम बाबा
245 _aभालू
260 _b"शशीदीप प्रकाशन, पुणे।"
260 _c--
300 _a211
600 _aकदम बाबा
630 _aभालू
700 _aकदम बाबा
730 _aभालू
942 _cBOOK
999 _c1251313
_d1251310